000 00460nam a2200181Ia 4500
008 100917s9999 xx 000 0 und d
082 _b7240
100 _aनांगरे बलराम
245 _aदैव रेखा
260 _b---
_c1965
300 _a151
365 _b3
520 _aकादंबरी
630 _aदैव रेखा
650 _aकादंबरी
730 _aदैव रेखा
942 _cBOOK
999 _c612634
_d612631